| 000 | 00666nas a2200229 a 4500 | ||
|---|---|---|---|
| 001 | 62730 | ||
| 003 | BD-RjUL | ||
| 005 | 20211209081121.0 | ||
| 008 | 170125m19501949enka| 0 1 a0eng d | ||
| 035 | _a(BD-RjUL)62857 | ||
| 040 |
_aDLC _beng _cFUL _dBD-RjUL |
||
| 041 | _aeng | ||
| 082 | 0 |
_a658.81 _223 _bSAL 1950 |
|
| 245 | 0 | 4 |
_aThe Sales manager's handbook / _cJohn Cameron Aspley |
| 260 |
_aLondon : _bDartnell Corp., _c1949 [Printing 1950]. |
||
| 300 |
_a1149 p. : _bill. ; _c20 cm. |
||
| 500 | _aInclude index. | ||
| 650 | 0 |
_aSales management. _9182641 |
|
| 650 | 0 |
_aPersonnel management. _9170518 |
|
| 700 |
_aAspley, John Cameron _9186466 |
||
| 942 |
_2ddc _cBK |
||
| 999 |
_c62730 _d62730 |
||